|
|
|
|
| LEADER |
01809nam a2200517 a 4500 |
| 001 |
nkc20102096184 |
| 003 |
CZ PrNK |
| 005 |
20100820140107.0 |
| 007 |
ta |
| 008 |
100803s2010 xr a f 000 0 cze |
| 015 |
|
|
|a cnb002096184
|
| 020 |
|
|
|a 978-80-87009-68-0
|q (brož.)
|
| 035 |
|
|
|a (OCoLC)664091313
|
| 040 |
|
|
|a BOA001
|b cze
|d ABA001
|
| 072 |
|
7 |
|a 616
|x Patologie. Klinická medicína
|2 Konspekt
|9 14
|
| 080 |
|
|
|a 616.132.2
|2 MRF
|
| 080 |
|
|
|a 616.132.2-089.819
|2 MRF
|
| 080 |
|
|
|a 616.132.2-77-089.819.5
|2 MRF
|
| 080 |
|
|
|a 616-007.271
|2 MRF
|
| 080 |
|
|
|a 616-06
|2 MRF
|
| 080 |
|
|
|a (048.8)
|2 MRF
|
| 100 |
1 |
|
|a Rozsíval, Vladimír,
|d 1952-
|7 nlk19990073796
|4 aut
|
| 245 |
1 |
0 |
|a Restenóza v koronárním stentu /
|c Vladimír Rozsíval
|
| 250 |
|
|
|a 1. vyd.
|
| 260 |
|
|
|a Hradec Králové :
|b Nucleus HK,
|c 2010
|
| 300 |
|
|
|a 105 s. :
|b il. ;
|c 22 cm
|
| 500 |
|
|
|a 300 výt.
|
| 504 |
|
|
|a Obsahuje bibliografii
|
| 650 |
0 |
7 |
|a věnčité tepny
|7 ph127385
|2 czenas
|
| 650 |
0 |
7 |
|a koronární angioplastika
|7 ph121873
|2 czenas
|
| 650 |
0 |
7 |
|a koronární stenty
|7 ph121874
|2 czenas
|
| 650 |
0 |
7 |
|a restenóza
|7 ph122506
|2 czenas
|
| 650 |
0 |
7 |
|a komplikace (lékařství)
|7 ph134851
|2 czenas
|
| 650 |
0 |
9 |
|a coronary arteries
|2 eczenas
|
| 650 |
0 |
9 |
|a coronary angioplasty
|2 eczenas
|
| 650 |
0 |
9 |
|a coronary stents
|2 eczenas
|
| 650 |
0 |
9 |
|a restenosis
|2 eczenas
|
| 650 |
0 |
9 |
|a complications of diseases
|2 eczenas
|
| 655 |
|
7 |
|a studie
|7 fd133597
|2 czenas
|
| 655 |
|
9 |
|a studies
|2 eczenas
|
| 856 |
4 |
1 |
|u http://www.digitalniknihovna.cz/mzk/uuid/uuid:43c471e0-16ef-11e4-8f64-005056827e52
|y Digitalizovaný dokument
|x NDK
|
| 910 |
2 |
|
|a BOA001
|b 2-1247.245
|
| 990 |
|
|
|a BK
|
| 995 |
|
|
|a 01
|
| 991 |
|
|
|b 201008
|c NOV
|e n
|
| 996 |
6 |
|
|b 2610443969
|c 2-1247.245
|l MZK
|r Sklad / do 1 hodiny
|n 5
|p p.v.
|w 001134515
|u 000010
|a 1
|e BOA001
|j MZK50
|s P
|